000 00745cab a2200277 4500
001 ABS57361
008 090401t1997 xxu||||| |||| 00| 0 eng d
035 _a(Sirsi) u79556
041 _aeng
100 _aHirst, C.
245 _aWho`s topping the town charts?
260 _c1997
350 _a0
490 _aPlanning (for the Natural and Built Environment)
_v27 June 1997, 10(1)
520 _aReviews trend in the latest IPD "Town Centre League Table".
650 _aHISTORIC TOWNS
650 _aINVESTMENT
650 _aIPD
650 _aLEAGUE TABLES
650 _aRETAIL PERFORMANCE
650 _aRETAIL PROPERTY
650 _aTOWN CENTRES
690 _aPLANNING LAW AND PRACTICE
942 _n0
948 _c10/07/1997
999 _c50023
_d50023